Spoleczne problemy starej zabudowy mieszkaniovej Wyniki badan terenowych

Gespeichert in:
Bibliographische Detailangaben
1. Verfasser: Czeczerda, Wanda
Format: Buch
Sprache:Polnisch
Veröffentlicht: Warszawa Instytut gospodarki przestrzennej i komunalnej 1986
Ausgabe:1. wyd.
Tags: Tag hinzufügen
Keine Tags, Fügen Sie das erste Tag hinzu!

MARC

LEADER 00000nam a2200000 4500
001 c037996
005 20221220072842.3
041 0 |a pol 
044 |a PL 
245 1 0 |a Spoleczne problemy starej zabudowy mieszkaniovej  |b Wyniki badan terenowych  |c Wanda Czeczerda 
250 |a 1. wyd. 
264 1 |a Warszawa  |b Instytut gospodarki przestrzennej i komunalnej  |c 1986 
300 |a 92 s. 
100 1 |a Czeczerda, Wanda